Menem-Duhalde (Record no. 212)

MARC details
000 -LEADER
campo de control de longitud fija 00360 a2200133 4500
020 ## - NÚMERO INTERNACIONAL ESTÁNDAR DEL LIBRO
Número Internacional Estándar del Libro 9789873304446
082 ## - NÚMERO DE LA CLASIFICACIÓN DECIMAL DEWEY
Número de clasificación 861.982
Número de ítem G512m
100 ## - ENTRADA PRINCIPAL--NOMBRE DE PERSONA
Nombre de persona Giovagnoli, Gustavo
9 (RLIN) 982
245 ## - MENCIÓN DEL TÍTULO
Título Menem-Duhalde
260 ## - PUBLICACIÓN, DISTRIBUCIÓN, ETC.
Lugar de publicación, distribución, etc. Argentina
Nombre del editor, distribuidor, etc. Ediciones VOX
Fecha de publicación, distribución, etc. 2011
300 ## - DESCRIPCIÓN FÍSICA
Extensión 20 p
Otras características físicas ill (col)
Dimensiones 21 cm
650 ## - PUNTO DE ACCESO ADICIONAL DE MATERIA--TÉRMINO DE MATERIA
Término de materia o nombre geográfico como elemento de entrada Poesia
Subdivisión general literatura
Subdivisión geográfica Argentina
9 (RLIN) 912
700 ## - ENTRADA AGREGADA--NOMBRE PERSONAL
Nombre de persona Gustavo Giovagnoli
9 (RLIN) 983
Holdings
Estatus retirado Estado de pérdida Fuente del sistema de clasificación o colocación Estado de daño No para préstamo Biblioteca de origen Biblioteca actual Ubicación en estantería Fecha de adquisición Total de préstamos Signatura topográfica completa Código de barras Visto por última vez Precio de reemplazo Tipo de ítem Koha
    Clasificación Decimal Dewey     Biblioteca LadoV Biblioteca LadoV   09/06/2014   861.982 G512m 003984 09/06/2014 09/06/2014 Material 01